Opera sanatı (Record no. 1823)

MARC details
000 -BAŞLIK
Sabit Uzunlukta Kontrol Alanı 00614na a2200229 4500
001 - KONTROL NUMARASI
Denetim Alanı 21854
003 - KONTROL NUMARASI IDENTIFIER
Denetim Alanı MIRAKIL
005 - SON İŞLEM TARİHİ VE ZAMANI
Denetim Alanı 20181213154836.0
008 - SABİT-BOY VERİ ELEMANLARI - GENEL BİLGİLER
Sabit Uzunlukta Kontrol Alanı 170209b tu 000 0
020 ## - ULUSLARARASI STANDART KİTAP NUMARASI
Uluslararası Standart Kitap Numarası 9753475012
040 ## - KATALOGLAMA KAYNAK
Orijinal Kataloglama Ajansı Milas
Kataloglama Dili tur
Metne Dönüştürmek Ajansı TR-AnCHP
041 ## - DİL KODU
Metin / Ses Parça Veya Ayrı Başlığın Dil Kodu tur
082 ## - DEWEY ONLU SINIFLANDIRMA NUMARASI
Sınıflandırma Numarası 792.4
Ürün Numarası N52o 2002
090 ## - SINIFLAMA NUMARASI
Sınıflama Numarası 792.4 N52o 2002
100 ## - ANA GİRİŞ - KİŞİSEL İSİM
Kişisel Ad Neimetzade, Eflatun
245 ## - BAŞLIK TABLOSU
Başlık Opera sanatı
Sorumluluk Tablosu, Vb Eflatun Neimetzade
260 ## - YAYIN, DAĞITIM, VB
Yayın, Dağıtım, Vb Yeri Ankara
Yayıncı, Dağıtıcı, Vs Adı Seçkin Yayınevi
Yayın, Dağıtım, Vb Tarihi 2002
300 ## - FİZİKSEL TANIM
Kapsam 390 s.
Diğer Fiziksel Ayrıntıları res.
Boyutlar 24 sm.
650 ## - KONU KATMA GİRİŞ - TOPİKAL DÖNEM
Topikal Süreli Veya Coğrafi Ad Giriş Elemanı Opera
Genel Alt Bölümü Araştırmalar
650 ## - KONU KATMA GİRİŞ - TOPİKAL DÖNEM
Topikal Süreli Veya Coğrafi Ad Giriş Elemanı Müzik
Genel Alt Bölümü Operalar
Kronolojik Alt Bölümü Araştırma ve inceleme
942 ## - EKLENDİ GİRİŞ ELEMANLARI (KOHA)
Sınıflandırma Veya Raf Düzeni Kaynak Dewey Decimal Classification
Koha Öğesi Türü Books
999 ## - SİSTEM KONTROL NUMARALARI (KOHA)
Koha Biblionumber 1823
Koha Biblioitemnumber 1823
Holdings
Kalıcı Konum Mevcut Konum Edinme Tarihi Edinim Kaynak Toplam Check-Out'Lar Tam Çağrı Numarası Barkod Tarih Son Görülme İtibaren Geçerli Fiyatlar Koha Öğesi Türü
CHP Kütüphanesi CHP Kütüphanesi 02/08/2017 Bağış   792.4 N52o 2002 012910 02/08/2017 02/08/2017 Books